Statistics for Bodies of Water by Letter - B

Click here to take the quiz!

General Stats

  • This quiz has been taken 45 times
  • The average score is 8 of 11

Answer Stats

HintAnswer% Correct
Sea enclosed by Denmark, Estonia, Finland, Latvia, Lithuania, Sweden, northeast Germany, Poland, and Russia.Baltic
100%
A strait of the Pacific, which separates Russia and the United States slightly south of the Arctic Circle.Bering
97%
North of Spain and west of France is the Bay of ______.Biscay
97%
The large sea between Eastern Europe, the Caucasus, and Western Asia.Black
97%
Where the river above ultimately flows to, the Bay of ______.Bengal
91%
Located between Greenland and a large Canadian island is ______ Bay.Baffin
86%
It's what connects the above with the Sea of Marmara.Bosporus
74%
A major inlet in the island of Great Britain, separating South Wales from Devon and Somerset in South West England, the _______ Channel.Bristol
60%
A marginal sea of the Arctic Ocean, located off the northern coasts of Norway and Russia.Barents
57%
A large river which flows through China, India and Bangladesh.Brahmaputra
57%
Billy Joel's song "The Downeaster Alexa" mentions cruising through _____ Island Sound.Block
17%

Score Distribution

Percentile by Number Answered

Percent of People with Each Score

Your Score History

You have not taken this quiz